Online
Catalog

Nuhry / (Record no. 31689)

MARC details
000 -CABECERA
campo de control de longitud fija 00582nam a2200157 a 4500
001 - NÚMERO DE CONTROL
campo de control 000032198
005 - FECHA Y HORA DE LA ÚLTIMA TRANSACCIÓN
campo de control 20200930063520.0
008 - DATOS DE LONGITUD FIJA--INFORMACIÓN GENERAL
campo de control de longitud fija 110713s1923 dr 000 0 spa d
040 ## - FUENTE DE LA CATALOGACIÓN
Centro catalogador/agencia de origen DO-SdBNP
Lengua de catalogación spa
Centro/agencia transcriptor BNPHU
082 ## - NÚMERO DE LA CLASIFICACIÓN DECIMAL DEWEY
Número de clasificación XXX
Número de documento/Ítem XXX
100 1# - ENTRADA PRINCIPAL--NOMBRE DE PERSONA
Nombre de persona Rafael V. Montalvo.
9 (RLIN) 58275
245 10 - MENCIÓN DE TÍTULO
Título Nuhry /
Mención de responsabilidad, etc. Montalvo, Rafael v.
260 ## - PUBLICACIÓN, DISTRIBUCIÓN, ETC.
Lugar de publicación, distribución, etc. [Barahona] :
Nombre del editor, distribuidor, etc. Imp. Moltalvo,
Fecha de publicación, distribución, etc. 1923.
300 ## - DESCRIPCIÓN FÍSICA
Extensión 15 p. ;
Dimensiones 12 cm.
500 ## - NOTA GENERAL
Nota general Cuento escrito para la velada escolar celebrada en la ciudad de Barahona el 27 de febrero del 1916 en comemoración del LXXVI aniversario de nuestra enmacipación política
Holdings
Estado de retiro Estado de pérdida No para préstamo Código de colección Localización permanente Ubicación/localización actual Ubicación en estantería Fecha de adquisición Número de inventario Total de préstamos Signatura topográfica completa Código de barras Fecha visto por última vez Precio válido a partir de Tipo de ítem Koha
      Patrimonio Dominicano Patrimonio Dominicano Patrimonio Dominicano Orden iniciada 13.07.2011 LF1   XXX XXX 32198-10 25.06.2020 25.06.2020 Libro y Folleto Colección Patrimonio Dominicano

Powered by Koha